• 首页
  • 本馆介绍
  • 公告通知
  • 最新文献
  • 馆藏检索
  • 电子资源
  • 读者导购
  • 参考咨询
  • 我的图书馆
  • 登录
  • 详细信息显示
  • 放入我的书架
  • 预约/预借图书
  • 作者相关作品
  • 分类相关作品
  • 丛书相关作品
  • 出版社相关作品

书目信息

  • 表格格式
  • 工作单格式
  • 卡片格式
题名:
矿石学
    
 
作者: 张志雄 编
分册:  
出版信息: 北京   冶金工业出版社  1981.9
页数: 306页
开本: 26cm
丛书名:
单 册:
中图分类: TD91
科图分类:
主题词: 选矿--理论 , 矿物学--工艺
电子资源:
ISBN:
000 00545nam0 2200205 45
001 0312221749
005 20031222170910.4
010    @dCNY2.05
100    @a20031222d1981 km y0chiy0120 ea
101    @achi
105    @a z 000yy
200 1  @a矿石学@AKuang Shi Xue@f张志雄等编@FZhang Zhi Xiong Deng Bian
210    @a北京@c冶金工业出版社@d1981.9
215    @a306页@d26cm
606 0  @a选矿@x理论
606 0  @a矿物学@x工艺
690    @aTD91@v3
701 0  @a张志雄@4编
801    @aCN@bTSTCL@c20031222
905    @a213230@dTD91@e2@b119621-622@f2
    
    矿石学/张志雄等编.-北京:冶金工业出版社,1981.9
    306页;26cm
    
    
    ISBN :CNY2.05
    
●
相关链接 在E读中查询图书 在五车中查询图书 在当当中查询图书 在豆瓣中查询图书


正题名:矿石学     索取号:TD91/2         预约/预借

序号 登录号 条形码 馆藏地/架位号 状态 备注
1 0119621   001361305   第二样本阅览室/ [索取号:TD91/2] 在馆    
2 0119622   001361733   第三借阅区/ [索取号:TD91/2] 在馆    
唐山师范学院图书馆 欢迎您!
大连网信软件有限公司© 版权所有